Mulheres "modernas" mulheres "perigosas" /

Furkejuvvon:
Bibliográfalaš dieđut
Váldodahkki: Couto Contijo Muniz, Diva do
Materiálatiipa: Texto
Fáttát:
Fáddágilkorat: Lasit fáddágilkoriid
Eai fáddágilkorat, Lasit vuosttaš fáddágilkora!

MARC

LEADER 00000 a a2200000 04500
001 16599
003
040
100 |a Couto Contijo Muniz, Diva do  
245 |a Mulheres "modernas" mulheres "perigosas" /  |c Diva do Couto Contijo Muniz  
500 |a Resumen también en inglés y español  
650 |a ANALISIS DE GENERO  
650 |a REPRESENTACION SOCIAL  
773 |g volumen 10, número 18; páginas 125-133  
999 |c 20590  |d 20590